<The> European Union since 1945

Gespeichert in:
Bibliographische Detailangaben
1. Verfasser: Blair, Alasdair
Format: Buch
Sprache:Englisch
Veröffentlicht: Harlow Pearson/Longman 2005
Schriftenreihe:Seminar studies in history
Schlagworte:
Tags: Tag hinzufügen
Keine Tags, Fügen Sie das erste Tag hinzu!

MARC

LEADER 00000nam$a2200000$$$4500
001 0050637
005 20240313132853.6
020 |a 0-582-42393-7 
041 0 |a eng 
044 |a GB 
245 1 0 |a <The> European Union since 1945  |c Alasdair Blair 
264 1 |a Harlow  |b Pearson/Longman  |c 2005 
300 |a 166 s. 
490 1 |a Seminar studies in history 
830 0 |a Seminar studies in history 
610 2 0 |a integrácia ekonomická medzinárodná 
610 2 0 |a vyjednávanie 
610 2 0 |a inštitúcie verejnoprávne 
610 2 0 |a rozpočty 
610 2 0 |a euro 
610 2 0 |a trh 
610 2 0 |a reformy 
610 2 0 |a transformácia 
610 2 0 |a spolupráca medzinárodná 
610 2 0 |a dohody medzinárodné 
610 2 0 |a Európska únia 
100 1 |a Blair, Alasdair